Boston Celtics Retired Numbers - Statistics

General Stats
  • This quiz has been taken 84 times
  • The average score is 15 of 25
Answer Stats
# Years Answer % Correct
6 1956–1969 Bill Russell
97%
33 1979–1992 Larry Bird
97%
34 1998–2013 Paul Pierce
96%
5 2007–2013 Kevin Garnett
95%
14 1950–1963 Bob Cousy
92%
32 1980–1993 Kevin McHale
91%
17 1962–1978 John Havlicek
88%
00 1980–1994 Robert Parish
88%
24 1957–1969 Sam Jones
80%
25 1958–1967 K.C. Jones
78%
18 1970–1980 Dave Cowens
70%
15 1956–1965 Tom Heinsohn
66%
3 1983–1990 Dennis Johnson
61%
10 1969–1979 Jo Jo White
59%
2 1950–2006 Red Auerbach
57%
31 1977–1985 Cedric Maxwell
53%
35 1987–1993 Reggie Lewis
47%
21 1951–1961 Bill Sharman
45%
16 1960–1973 Satch Sanders
35%
19 1965–1976 Don Nelson
30%
1 1946–1964 Walter A. Brown
30%
22 1950–1956 Ed Macauley
24%
23 1954–1964 Frank Ramsey
19%
LOSCY 1955–1964 Jim Loscutoff
18%
🎙 1953–1990 Johnny Most
16%
No matching quizzes found
Score Distribution
Percent of People with Each Score
Percentile by Number Answered
Your Score History
You have not taken this quiz